<?xml version="1.0" encoding="UTF-8"?><?xml-stylesheet type="text/xsl" href="static/style.xsl"?><OAI-PMH xmlns="http://www.openarchives.org/OAI/2.0/" xmlns:xsi="http://www.w3.org/2001/XMLSchema-instance" xsi:schemaLocation="http://www.openarchives.org/OAI/2.0/ http://www.openarchives.org/OAI/2.0/OAI-PMH.xsd"><responseDate>2026-06-01T04:22:03Z</responseDate><request verb="GetRecord" identifier="oai:riuma.uma.es:10630/15542" metadataPrefix="marc">https://riuma.uma.es/rest/oai/request</request><GetRecord><record><header><identifier>oai:riuma.uma.es:10630/15542</identifier><datestamp>2026-02-03T11:47:18Z</datestamp><setSpec>com_10630_2254</setSpec><setSpec>col_10630_37959</setSpec></header><metadata><record xmlns="http://www.loc.gov/MARC21/slim" xmlns:dcterms="http://purl.org/dc/terms/" xmlns:doc="http://www.lyncode.com/xoai" xmlns:xsi="http://www.w3.org/2001/XMLSchema-instance" xsi:schemaLocation="http://www.loc.gov/MARC21/slim http://www.loc.gov/standards/marcxml/schema/MARC21slim.xsd">
   <leader>00925njm 22002777a 4500</leader>
   <datafield ind2=" " ind1=" " tag="042">
      <subfield code="a">dc</subfield>
   </datafield>
   <datafield ind2=" " ind1=" " tag="720">
      <subfield code="a">Duarte Tosso, Isabel</subfield>
      <subfield code="e">author</subfield>
   </datafield>
   <datafield ind2=" " ind1=" " tag="720">
      <subfield code="a">Sánchez-Compaña, María Teresa</subfield>
      <subfield code="e">author</subfield>
   </datafield>
   <datafield ind2=" " ind1=" " tag="720">
      <subfield code="a">Sánchez-Cruzado, Cristina</subfield>
      <subfield code="e">author</subfield>
   </datafield>
   <datafield ind2=" " ind1=" " tag="720">
      <subfield code="a">Arnal Palacián, Mónica</subfield>
      <subfield code="e">author</subfield>
   </datafield>
   <datafield ind2=" " ind1=" " tag="260">
      <subfield code="c">2018-04-16</subfield>
   </datafield>
   <datafield ind2=" " ind1=" " tag="520">
      <subfield code="a">The purpose of this work is to highlight how the current Spanish education system supports the&#xd;
development of both scientific and mathematic competences. We understand these competences as&#xd;
the set of skills and capabilities needed to use mathematics or science when the situation requires.&#xd;
For that purpose, we have carried out a curricular didactic analysis of the current regulations in&#xd;
Andalusia. This analysis intends to reveal how the new educational systems emphasize the&#xd;
development of the formative character of teaching-learning processes, which has been&#xd;
overshadowed by the functional and the instrumental characters in Science and Mathematics&#xd;
Education. The findings of the research show that the objectives set out in the law are aimed at&#xd;
developing in students a number of attributes such as personal autonomy, creativity, tolerance,&#xd;
empathy, critical spirit, etc. From our point of view, all of these attributes contribute to developing the&#xd;
students' formative character. Besides, the analysis shows that course contents are not presented as&#xd;
an end in itself, but as a means for students to acquire these attributes and be whole human beings.&#xd;
Finally, it can be inferred from the analysis that both the methodological guidance and the evaluation&#xd;
criteria highlight the need to educate citizens to be capable of adapting to the environment and&#xd;
positively transforming it. Ultimately, promoting teaching-learning processes where scientific and&#xd;
mathematic competences are developed, educating students to be intellectually, socially and morally&#xd;
autonomous.</subfield>
   </datafield>
   <datafield ind1="8" ind2=" " tag="024">
      <subfield code="a">https://hdl.handle.net/10630/15542</subfield>
   </datafield>
   <datafield tag="653" ind2=" " ind1=" ">
      <subfield code="a">Matemáticas - Estudio y enseñanza</subfield>
   </datafield>
   <datafield ind2="0" ind1="0" tag="245">
      <subfield code="a">A curricular approach to develop autonomies from the mathematics and scientific education</subfield>
   </datafield>
</record>
</metadata></record></GetRecord></OAI-PMH>